|
|
|
|
| LEADER |
00000 a a2200000 04500 |
| 001 |
39125 |
| 003 |
cru IIS |
| 005 |
20230418131855.0 |
| 008 |
230418b |||||||| |||| 00| 0 spa d |
| 020 |
|
|
|a 978-9968-46-091-0
|
| 040 |
|
|
|c CRAI-IIS
|
| 090 |
|
|
|a 0003 C118h
|
| 100 |
1 |
|
|a Ibarra Rojas, Eugenia
|9 9861
|d 1949-
|
| 245 |
|
|
|a ¿Prisioneros de guerra o esclavos?
|b Los zambos y los mosquitos ante la prática de la esclavitud en los siglos XVII y XVIII /
|c Eugenia Ibarra
|
| 260 |
|
|
|a San José:
|b EUCR
|
| 300 |
|
|
|a 119-127 p.
|
| 650 |
|
|
|a TRATA DE PERSONAS
|
| 650 |
|
|
|a DESIGUALDAD SOCIAL
|
| 650 |
|
|
|a DERECHOS HUMANOS
|
| 650 |
|
|
|a HISTORIA COLONIAL
|
| 650 |
|
|
|a DISTRIBUCION DE LA POBLACION
|
| 700 |
|
|
|a Lovejoy, Paul
|
| 942 |
|
|
|2 ddc
|c LI
|
| 999 |
|
|
|c 16307
|d 16307
|
| 773 |
0 |
|
|0 2971
|9 8648
|a Cáceres, Rina
|b 0
|d San José: EUCR, 2008
|o 10816
|t Haití: revolución y emancipación /
|w (cru CIDCAS/IIS)39123
|z 978-9968-46-091-0
|